Tray Design (Record no. 565929)
[ view plain ]
| 000 -LEADER | |
|---|---|
| fixed length control field | 00218nam a2200097Ia 4500 |
| 008 - FIXED-LENGTH DATA ELEMENTS--GENERAL INFORMATION | |
| fixed length control field | 210430s9999 xx 000 0 und d |
| 082 ## - DEWEY DECIMAL CLASSIFICATION NUMBER | |
| Classification number | 660.28425 D4411O |
| 245 ## - TITLE STATEMENT | |
| Title | Tray Design |
| 300 ## - PHYSICAL DESCRIPTION | |
| Extent | 166p. |
| 942 ## - ADDED ENTRY ELEMENTS (KOHA) | |
| Koha item type | Book |
| Source of classification or shelving scheme | |
| Withdrawn status | Lost status | Damaged status | Not for loan | Permanent Location | Current Location | Date acquired | Total Checkouts | Full call number | Barcode | Date last seen | Price effective from | Koha item type |
|---|---|---|---|---|---|---|---|---|---|---|---|---|
| School of Chemical & Materials Engineering (SCME) | School of Chemical & Materials Engineering (SCME) | 660.28425 D4411O | SCME- D170 | 04/30/2021 | 04/30/2021 | Book |
